Tính toán thiết kế công trình xử lý nước thải
Sách trình bày các phương pháp xử lý nước thải, các quy trình xử lý nước thải, và xử lý nguồn tiếp nhận nước thải.
Na minha lista:
| Autor principal: | |
|---|---|
| Formato: | Livro |
| Idioma: | Undetermined |
| Publicado em: |
Hà Nội
Xây Dựng
2000
|
| Assuntos: | |
| Tags: |
Adicionar Tag
Sem tags, seja o primeiro a adicionar uma tag!
|
| Thư viện lưu trữ: | Trung tâm Học liệu Trường Đại học Cần Thơ |
|---|
| LEADER | 00870nam a2200229Ia 4500 | ||
|---|---|---|---|
| 001 | CTU_37103 | ||
| 008 | 210402s9999 xx 000 0 und d | ||
| 020 | |b 37.000đ | ||
| 020 | |c 37000 | ||
| 082 | |a 628.4 | ||
| 082 | |b L103 | ||
| 100 | |a Trịnh, Xuân Lai | ||
| 245 | 0 | |a Tính toán thiết kế công trình xử lý nước thải | |
| 245 | 0 | |c Trịnh Xuân Lai | |
| 260 | |a Hà Nội | ||
| 260 | |b Xây Dựng | ||
| 260 | |c 2000 | ||
| 520 | |a Sách trình bày các phương pháp xử lý nước thải, các quy trình xử lý nước thải, và xử lý nguồn tiếp nhận nước thải. | ||
| 650 | |a Factory and trade waste,Hydraulic engineering,Sewerage,Wastewaters | ||
| 650 | |x Purification,Purification | ||
| 904 | |i Minh | ||
| 980 | |a Trung tâm Học liệu Trường Đại học Cần Thơ | ||